000
00211nam a2200097Ia 4500
008
191206s9999 xx 000 0 und d
020
_a
9.78034E+12
090
_a
HB871.GIL
245
0
_a
Population
260
_c
c2005
999
_c
16719
_d
16719